Statistics for The Middle Characters

Click here to take the quiz!

General Stats

  • This quiz has been taken 44 times
    (42 since last reset)
  • The average score is 12 of 33

Answer Stats

Hint Answer % Correct
The momFrankie Heck
100%
The younger brotherBrick Heck
100%
The sisterSue Heck
100%
The older brotherAxl Heck
100%
The dadMike Heck
97%
Seemingly perfect neighborNancy Donahue
61%
Sue's friend and once boyfriendBrad Bottig
58%
Weird ______Ashley
52%
Axl's friend and football teammateSean Donahue
45%
Axl's friend who dated SueDarrin
42%
Works with the mom at car dealershipBob
42%
Dentist that works with the momDr. Ted Goodwin
36%
Axl's roomate who does nothingKenny
36%
Sue's friend with bracesCarly
36%
Mom's boss at car dealershipMr. Ehlert
33%
Youth minister who sings "It's hard being a teen"Reverend Timtom
30%
Mom of family that annoys the Hecks with their wind chimesRita Glossner
27%
Axl's girlfriend and once tutorCassidy Finch
27%
Brunette CheerleaderDebbie
24%
Dad's brotherRusty Heck
24%
Old aunt who smokesAunt Edie
21%
Sue's wrestler boyfriend who moves awayMatt
21%
Dad's dadBig Mike
18%
Works for the dad and is admired by AxlChuck
18%
Blonde cheerleaderCourtney
18%
Axl's friend at collegeHutch
15%
Axl's girlfriend who gets straight A's and is hated by the momMorgan
15%
Sue's friend who offers to beat people up, part of WrestlerettesBecky
12%
Brick's counselor who tries to get him to make friendsDr. Fulton
3%
Extremely religious wrestleretteRuth
3%
Exchange student from JapanTakayuki
3%
The Donahue's exchange student from SpainEsteban
3%
Reverend that's like a football coachReverend Deveaux
0%

Score Distribution

Percentile by Number Answered

Percent of People with Each Score

Your Score History

You have not taken this quiz since the last reset